000 00532nam a2200205Ia 4500
005 20240823021740.0
008 240823s9999||||xx |||||||||||||| ||und||
020 _a0-07-062019-9
041 _aENGLISH
082 _A658.0072 P6
100 _a"Cooper,Donald R"
245 0 _aBusiness Research Methods
250 _a9th
260 _c2006
_b"Tata McGraw-Hill Publishing Company Limited,New "
500 _aYES
650 _aBusiness
_bManagement Studies
700 _a" Schindler,Pamela S"
942 _cBK
999 _c177656
_d177656